Bệnh lý viêm tụy : Sách chuyên khảo dùng cho sinh viên sau Đại học
Nội dung tài liệu gồm 4 chương: Chương I giải phẫu bệnh lý; Chương II sinh lý tuyến tụy; Chương III viêm tụy cấp; Chương IV viêm tụy mãn và sỏi tụy.
Na minha lista:
| Autor principal: | |
|---|---|
| Formato: | Livro |
| Idioma: | Vietnamese |
| Publicado em: |
H.
Y học
2006
|
| Assuntos: | |
| Tags: |
Adicionar Tag
Sem tags, seja o primeiro a adicionar uma tag!
|
| Thư viện lưu trữ: | Thư viện Trường Đại học Nam Cần Thơ |
|---|
| LEADER | 01562nam a22002417a 4500 | ||
|---|---|---|---|
| 001 | NCT_32724 | ||
| 008 | 180423b xxu||||| |||| 00| 0 vie d | ||
| 999 | |c 1573 |d 1573 | ||
| 020 | |c 36000 | ||
| 082 | 0 | 4 | |2 23rd ed. |a 616.37 |b Q528 |
| 100 | 1 | |a Hà Văn Quyết | |
| 245 | 1 | 0 | |a Bệnh lý viêm tụy |b : Sách chuyên khảo dùng cho sinh viên sau Đại học |c Hà Văn Quyết |
| 260 | |a H. |b Y học |c 2006 | ||
| 300 | |a 102tr. |b minh họa |c 21cm | ||
| 520 | 3 | |a Nội dung tài liệu gồm 4 chương: Chương I giải phẫu bệnh lý; Chương II sinh lý tuyến tụy; Chương III viêm tụy cấp; Chương IV viêm tụy mãn và sỏi tụy. | |
| 653 | |a Y đa khoa | ||
| 942 | |2 ddc |c BK | ||
| 952 | |0 0 |1 0 |2 ddc |4 0 |6 616_370000000000000_Q528 |7 0 |9 7586 |a 000001 |b 000001 |d 2018-04-23 |o 616.37 Q528 |p MD.12086 |r 2018-04-23 |v 36000.00 |w 2018-04-23 |y BK | ||
| 952 | |0 0 |1 0 |2 ddc |4 0 |6 616_370000000000000_Q528 |7 0 |9 7587 |a 000001 |b 000001 |d 2018-04-23 |o 616.37 Q528 |p MD.12087 |r 2018-04-23 |v 36000.00 |w 2018-04-23 |y BK | ||
| 952 | |0 0 |1 0 |2 ddc |4 0 |6 616_370000000000000_Q528 |7 0 |9 7588 |a 000001 |b 000001 |d 2018-04-23 |o 616.37 Q528 |p MD.12088 |r 2018-04-23 |v 36000.00 |w 2018-04-23 |y BK | ||
| 952 | |0 0 |1 0 |2 ddc |4 0 |6 616_370000000000000_Q528 |7 0 |9 7589 |a 000001 |b 000001 |d 2018-04-23 |o 616.37 Q528 |p MD.12089 |r 2018-04-23 |v 36000.00 |w 2018-04-23 |y BK | ||
| 952 | |0 0 |1 0 |2 ddc |4 0 |6 616_370000000000000_Q528 |7 0 |9 7590 |a 000001 |b 000001 |d 2018-04-23 |o 616.37 Q528 |p MD.12090 |r 2018-04-23 |v 36000.00 |w 2018-04-23 |y BK | ||
| 980 | |a Thư viện Trường Đại học Nam Cần Thơ | ||